Kala Pani (Record no. 19419)
[ view plain ]
| 000 -LEADER | |
|---|---|
| fixed length control field | 03074ngm a2200493 4500 |
| 003 - CONTROL NUMBER IDENTIFIER | |
| control field | dpl |
| 005 - DATE AND TIME OF LATEST TRANSACTION | |
| control field | 20081203120424.0 |
| 007 - PHYSICAL DESCRIPTION FIXED FIELD--GENERAL INFORMATION | |
| fixed length control field | DVD |
| 008 - FIXED-LENGTH DATA ELEMENTS--GENERAL INFORMATION | |
| fixed length control field | ||||||sp199 xxu|||||c ||| 00| 0 ng d |
| 010 ## - LIBRARY OF CONGRESS CONTROL NUMBER | |
| LC control number | DVD-001361-1362 DVD-001688 & DVD-004781-4784 & DVD-005669 |
| 024 ## - OTHER STANDARD IDENTIFIER | |
| Standard number or code | SHE DVD 226 |
| Terms of availability | 169.00 |
| 035 ## - SYSTEM CONTROL NUMBER | |
| System control number | DVD-001361-1362 DVD-001688 |
| 035 ## - SYSTEM CONTROL NUMBER | |
| System control number | DVD-004781-4784 |
| 035 ## - SYSTEM CONTROL NUMBER | |
| System control number | DVD-005669 |
| 040 ## - CATALOGING SOURCE | |
| Original cataloging agency | DPL |
| Transcribing agency | DPL |
| 082 ## - DEWEY DECIMAL CLASSIFICATION NUMBER | |
| Classification number | DVD / KALA |
| 245 ## - TITLE STATEMENT | |
| Title | Kala Pani |
| Statement of responsibility, etc | Nav Ketan Presents |
| Medium | [videorecording] DVD/ |
| 260 ## - PUBLICATION, DISTRIBUTION, ETC. (IMPRINT) | |
| Name of publisher, distributor, etc | Shemaroo Video Pvt. Ltd. |
| 300 ## - PHYSICAL DESCRIPTION | |
| Extent | 1 videodisc DVD; (138 min.) : |
| Other physical details | sd., col. ; |
| Dimensions | 4 3/4 in. |
| Type of unit | DVD |
| 440 ## - SERIES STATEMENT/ADDED ENTRY--TITLE | |
| Title | Shemaroo Home Entertainment |
| 500 ## - GENERAL NOTE | |
| General note | Filmfare Award Winner, Best Actor: Dev Anand, Best Sporting Actress: Nalini Jaywant |
| 538 ## - SYSTEM DETAILS NOTE | |
| System details note | Dolby Digital 5.1 - Hindi Subtitles: English, Tamil, Telugu and Bengali |
| 538 ## - SYSTEM DETAILS NOTE | |
| System details note | Anamorphic Wide Screen Format, Presented 2:35.1 Aspect Ratio Enhancaead for 16:9 Wide Screen |
| 650 ## - SUBJECT ADDED ENTRY--TOPICAL TERM | |
| Topical term or geographic name as entry element | Motion Picture |
| 700 ## - ADDED ENTRY--PERSONAL NAME | |
| Personal name | Anand, Dev |
| 700 ## - ADDED ENTRY--PERSONAL NAME | |
| Personal name | Khosla, Raj |
| 700 ## - ADDED ENTRY--PERSONAL NAME | |
| Personal name | Burman, S. D. |
| 700 ## - ADDED ENTRY--PERSONAL NAME | |
| Personal name | Madhubala |
| 700 ## - ADDED ENTRY--PERSONAL NAME | |
| Personal name | Jaywant, Nalini |
| 700 ## - ADDED ENTRY--PERSONAL NAME | |
| Personal name | Walker, Johny |
| 700 ## - ADDED ENTRY--PERSONAL NAME | |
| Personal name | Sahu, Kishore |
| 942 ## - ADDED ENTRY ELEMENTS (KOHA) | |
| Koha item type | CD-ROMs, DVDs, VHS |
| Source of classification or shelving scheme | Dewey Decimal Classification |
| Classification part | DVD |
| Call number suffix | KALA |
| Withdrawn status | Lost status | Source of classification or shelving scheme | Damaged status | Not for loan | Home library | Current library | Date acquired | Source of acquisition | Cost, normal purchase price | Total Checkouts | Full call number | Barcode | Date last seen | Date checked out | Copy number | Cost, replacement price | Price effective from | Koha item type | Total Renewals |
|---|---|---|---|---|---|---|---|---|---|---|---|---|---|---|---|---|---|---|---|
| Dewey Decimal Classification | Central Library | Central Library | 03/12/2008 | Purchase | 169.00 | 47 | DVD KALA | DVD-001361 | 14/12/2016 | 29/11/2016 | 1 | 169.00 | 03/12/2008 | CD-ROMs, DVDs, VHS | |||||
| Dewey Decimal Classification | Janak Puri | Janak Puri | 18/11/2009 | Pioneers/885/29-10-09/325/13-10-09 /06-11-09 | 169.00 | 18 | DVD KALA | DVD-004781 | 23/03/2017 | 18/02/2017 | 1 | 169.00 | 18/11/2009 | CD-ROMs, DVDs, VHS | 1 | ||||
| Dewey Decimal Classification | Karol Bagh | Karol Bagh | 18/11/2009 | Pioneers/885/29-10-09/325/13-10-09 /06-11-09 | 169.00 | 12 | DVD KALA | DVD-004784 | 27/07/2015 | 15/07/2015 | 1 | 169.00 | 18/11/2009 | CD-ROMs, DVDs, VHS | |||||
| Dewey Decimal Classification | Narela | Narela | 12/02/2010 | Pioneers/948/17-11-09/325/13-10-09 /30-11-09 | 169.00 | 5 | DVD KALA | DVD-005669 | 05/01/2013 | 23/12/2012 | 1 | 169.00 | 12/02/2010 | CD-ROMs, DVDs, VHS | |||||
| Dewey Decimal Classification | Patel Nagar | Patel Nagar | 30/12/2008 | Purchase | 169.00 | 25 | DVD KALA | DVD-001688 | 05/07/2013 | 25/06/2013 | 1 | 169.00 | 30/12/2008 | CD-ROMs, DVDs, VHS | 1 | ||||
| Dewey Decimal Classification | R.K.Puram-8 | R.K.Puram-8 | 18/11/2009 | Pioneers/885/29-10-09/325/13-10-09 /06-11-09 | 169.00 | 2 | DVD KALA | DVD-004782 | 23/05/2016 | 17/05/2016 | 1 | 169.00 | 18/11/2009 | CD-ROMs, DVDs, VHS | |||||
| Dewey Decimal Classification | Sarojini Nagar | Sarojini Nagar | 03/12/2008 | Purchase | 169.00 | 20 | DVD KALA | DVD-001362 | 28/02/2015 | 31/01/2015 | 1 | 169.00 | 03/12/2008 | CD-ROMs, DVDs, VHS | |||||
| Dewey Decimal Classification | Vinoba Puri | Vinoba Puri | 18/11/2009 | Pioneers/885/29-10-09/325/13-10-09 /06-11-09 | 169.00 | 4 | DVD KALA | DVD-004783 | 07/09/2013 | 07/09/2013 | 1 | 169.00 | 18/11/2009 | CD-ROMs, DVDs, VHS |
